Биомеханическое моделирование объектов протезирования: учебное пособие для вузов

Xehetasun bibliografikoak
Egile nagusia: Бегун П. И. Петр Иосифович
Gaia:Учебное пособие составлено в соответствии с государственными образовательными стандартами для подготовки магистров по программе «Биотехнические системы и технологии управления состоянием человека и окружающей среды» по профилю «Биотехнические системы и технологии в протезировании и реабилитации». В учебном пособии изложены теоретические основы математического и физического моделирования объектов протезирования и методы их моделирования с использованием пакетов прикладных программ в различных областях медицинской деятельности: кардиологии, ортопедии, отоларингологии, офтальмологии, урологии, герниологии, нейрологии.
Hizkuntza:errusiera
Argitaratua: СПб., Политехника, 2011
Saila:Учебное пособие для вузов
Gaiak:
Formatua: Liburua
KOHA link:https://koha.lib.tpu.ru/cgi-bin/koha/opac-detail.pl?biblionumber=194083

MARC

LEADER 00000nam0a2200000 4500
001 194083
005 20231101224531.0
010 |a 9785732509144 
035 |a (RuTPU)RU\TPU\book\211677 
090 |a 194083 
100 |a 20110404d2011 m y0rusy50 ca 
101 0 |a rus 
102 |a RU 
105 |a a j 001zy 
200 1 |a Биомеханическое моделирование объектов протезирования  |e учебное пособие для вузов  |f П. И. Бегун 
210 |a СПб.  |c Политехника  |d 2011 
215 |a 464 с.  |c ил. 
225 1 |a Учебное пособие для вузов 
320 |a Библиогр.: с. 455-460. 
320 |a Словарь терминов: с. 445-454. 
330 |a Учебное пособие составлено в соответствии с государственными образовательными стандартами для подготовки магистров по программе «Биотехнические системы и технологии управления состоянием человека и окружающей среды» по профилю «Биотехнические системы и технологии в протезировании и реабилитации». В учебном пособии изложены теоретические основы математического и физического моделирования объектов протезирования и методы их моделирования с использованием пакетов прикладных программ в различных областях медицинской деятельности: кардиологии, ортопедии, отоларингологии, офтальмологии, урологии, герниологии, нейрологии. 
606 1 |a Протезирование  |2 stltpush  |3 (RuTPU)RU\TPU\subj\70889  |9 85041 
610 1 |a объекты 
610 1 |a статические стержневые модели 
610 1 |a динамические модели 
610 1 |a конечно-элементные технологии 
610 1 |a конечно-элементное моделирование 
610 1 |a пакеты прикладных программ 
610 1 |a физическое моделирование 
610 1 |a кардиология 
610 1 |a ортопедия 
610 1 |a травматология 
610 1 |a отоларингология 
610 1 |a урология 
610 1 |a гермиология 
610 1 |a учебные пособия 
675 |a 616(075.8)  |v 3 
700 1 |a Бегун  |b П. И.  |g Петр Иосифович 
801 1 |a RU  |b 63413507  |c 20110404 
801 2 |a RU  |b 63413507  |c 20150526  |g RCR 
900 |a Моделирование биологических процессов и систем 
942 |c BK 
951 |b 201000 
955 |l 8.3  |a Биотехнические системы и технологии управления состоянием человека и окружающей среды 
959 |a 36/20110404  |d 1  |e 370,00  |f ЧЗТЛ:1 
959 |a 44/20110427  |d 1  |e 350,00  |f ЧЗТЛ:1